000 00349pab a2200157 454500
008 180718b2010 xxu||||| |||| 00| 0 eng d
100 _aRay, Sankar
245 _aAn enduring loss to the Sharqi tradition
260 _c2010
300 _ap.15.
362 _a3 Dec
650 _aReligion
773 _aMainstream
908 _aN
909 _a89946
999 _c89946
_d89946